Bridging the Intention-Behaviour Gap in Sustainable Tourism A Study of Pro-Environmental Behaviour Among Hungarian Gen Z Travelers

Bibliográfiai részletek
Szerző: Holczer Bettina
További közreműködők: Hegedüs Sára
Dokumentumtípus: Diplomadolgozat
Kulcsszavak:climate change
Generation Z
Hungary
Sustainable tourism
Tourist Behaviour
Online Access:http://dolgozattar.uni-bge.hu/59593

MARC

LEADER 00000nta a2200000 i 4500
001 dolg59593
005 20260409145256.0
008 260409suuuu hu om 000 eng d
040 |a BGE Dolgozattár Repozitórium  |b hun 
041 |a en 
100 1 |a Holczer Bettina 
245 1 0 |a Bridging the Intention-Behaviour Gap in Sustainable Tourism  |b A Study of Pro-Environmental Behaviour Among Hungarian Gen Z Travelers  |c Holczer Bettina  |h [elektronikus dokumentum] 
520 3 |a This thesis investigates the eco-conscious behaviour of Hungarian Generation Z tourists, focusing on their environmental attitudes, and practices at home and on holiday. It examines the effects of climate change, the global tourism market, and the relationship between the two. The study also analyzes the emergence of sustainable tourism and the role of stakeholders and consumers in promoting environmental protection. Through a questionnaire-based study, the research found that while Hungarian Generation Z expresses concern towards climate change, and practices sustainability at home, their actions on holiday tends to fall short, often without full awareness. This intention-behaviour gap appears to be influenced by factors such as convenience, comfort, and financial limitations. The study concludes by emphasizing the need for targeted education, increased awareness, and more accessible and transparent sustainable options within the tourism industry to help reduce the negative effects of climate change. 
695 |a climate change 
695 |a Generation Z 
695 |a Hungary 
695 |a Sustainable tourism 
695 |a Tourist Behaviour 
700 1 |a Hegedüs Sára  |e ths 
856 4 0 |u http://dolgozattar.uni-bge.hu/59593/1/Thesis-%20Holczer%20Bettina%20.pdf  |z Dokumentum-elérés 
856 4 0 |u http://dolgozattar.uni-bge.hu/59593/2/Holczer%20Bettina%202025%20BSc%20Assessment%20Sheet.pdf  |z Dokumentum-elérés 
856 4 0 |u http://dolgozattar.uni-bge.hu/59593/3/Bettina%20Holczer_Review_Melanie%20Smith.pdf  |z Dokumentum-elérés